000 00837nam a22002657a 4500
001 7923
003 FISKH
005 20250814092333.0
008 250814b cb ||||| |||| 00| 0 eng d
020 _a9780241237083
040 _aFISKH
_beng
_cFISKH
_dFISKH
050 _aPZ7.M328248 M
082 _a428.6
100 _aMarch, Julia
245 _aMeet the knights :
_bNexo knights /
_cWritten by Julia March
260 _aLondon :
_bDK,
_c2016.
300 _a47 pages :
_bcolor illustrations ;
_c21 cm
505 _aJ
520 _aThe Nexo Knights defend Knighton from Jestro and the Book of Monsters with help from Merlin 2.0 and their Nexo powers.
521 8 _a500
_bLexile estimate
521 8 _aJ
_bRaz-Plus
650 _aPicture book
_vJuvenile
_xFiction
_yChildren's Book
942 _2ddc
_cBK
_n0
999 _c7923
_d7923